000 00690nam a2200157Ia 4500
005 20250423100541.0
008 250422s9999 xx 000 0 und d
020 _a9788074650284
050 _aJC 73 .D36/
100 _aDanes, Jaroslav
245 0 _aPolitical aspects of Greek tragedy
260 _c2012
300 _a166 p
650 _a Sophocles--Criticism and interpretation. Sophocles--Political and social views. Political science--Greece--Philosophy. Rationalism--Political aspects. Religion and politics. Political plays, Greek--History and criticism. Politics and literature--Greece. Greek drama (Tragedy)--History and criticism.
942 _cBK
999 _c33649
_d33649